Crisis in skills puts heritage at risk (Record no. 69378)
[ view plain ]
| 000 -LEADER | |
|---|---|
| fixed length control field | 01130cam a2200217 4500 |
| 001 - CONTROL NUMBER | |
| control field | WB3804-03 |
| 008 - FIXED-LENGTH DATA ELEMENTS--GENERAL INFORMATION | |
| fixed length control field | 020128n2002 000 0 eng u |
| 035 ## - SYSTEM CONTROL NUMBER | |
| System control number | (Sirsi) u116514 |
| 245 ## - TITLE STATEMENT | |
| Title | Crisis in skills puts heritage at risk |
| 260 ## - PUBLICATION, DISTRIBUTION, ETC. | |
| Date of publication, distribution, etc. | 2002 |
| 490 ## - SERIES STATEMENT | |
| Series statement | Heritage Lottery Fund News Release |
| Volume/sequential designation | 25 January 2002 (4) |
| 520 ## - SUMMARY, ETC. | |
| Summary, etc. | A study "Sustaining our Living Heritage" published by the Heritage Lottery Fund (HLF) reveals that a severe national skills shortage is putting the future of the UK's landscapes, habitats and historic buildings at risk. Traditional skills such as thatching to stone masonary are dwindling, due to poor investment, lack of apprentices and such skills being undervalued. Includes case studies. Heritage Lottery Fund News Release: http://www.hlf.org.uk/cgi-bin/hlfframemast.pl?K=11606&S=EI&T=NEWSTEXTAREA |
| 590 ## - LOCAL NOTE (RLIN) | |
| Local note | WB |
| 650 ## - SUBJECT ADDED ENTRY--TOPICAL TERM | |
| Topical term or geographic name entry element | NATIONAL HERITAGE |
| 650 ## - SUBJECT ADDED ENTRY--TOPICAL TERM | |
| Topical term or geographic name entry element | TRADITIONAL SKILLS |
| 650 ## - SUBJECT ADDED ENTRY--TOPICAL TERM | |
| Topical term or geographic name entry element | HISTORIC BUILDINGS |
| 650 ## - SUBJECT ADDED ENTRY--TOPICAL TERM | |
| Topical term or geographic name entry element | HERITAGE LOTTERY FUND |
| 650 ## - SUBJECT ADDED ENTRY--TOPICAL TERM | |
| Topical term or geographic name entry element | LANDSCAPES |
| 690 ## - LOCAL SUBJECT ADDED ENTRY--TOPICAL TERM (OCLC, RLIN) | |
| Topical term or geographic name as entry element | BUILT ENVIRONMENT-BUILDING MAINTENANCE AND REFURBISHMENT-BUILDING CONSERVATION |
| 942 ## - ADDED ENTRY ELEMENTS (KOHA) | |
| Suppress in OPAC | 0 |
| Withdrawn status | Lost status | Source of classification or shelving scheme | Damaged status | Not for loan | Home library | Current library | Shelving location | Date acquired | Total Checkouts | Full call number | Barcode | Date last seen | Copy number | Price effective from | Koha item type |
|---|---|---|---|---|---|---|---|---|---|---|---|---|---|---|---|
| Dewey Decimal Classification | London | London | News article | 28/01/2002 | WB3804-03 | 116514-1001 | 06/08/2019 | 1 | 06/08/2019 | News article |